Regulačné zásahy v prospech udržateľného rastu

Príspevok je venovaný problematike regulácie a zabezpečenia trvale udržateľného rastu v rámci dostupných stratégií EÚ implementovaných v ekonomike Slovenska.

Guardado en:
Detalles Bibliográficos
Autor principal: Kopkáš, Peter
Formato: Capítulo de libro
Lenguaje:eslovaco
Materias:
Etiquetas: Agregar Etiqueta
Sin Etiquetas, Sea el primero en etiquetar este registro!

MARC

LEADER 00000nla a2200000 4500
001 0183239
005 20240502073131.4
041 0 |a slo 
044 |a SK 
245 1 0 |a Regulačné zásahy v prospech udržateľného rastu  |c Peter Kopkáš 
520 |a Príspevok je venovaný problematike regulácie a zabezpečenia trvale udržateľného rastu v rámci dostupných stratégií EÚ implementovaných v ekonomike Slovenska. 
610 2 0 |a rozvoj trvalo udržateľný 
610 2 0 |a regulácia 
610 2 0 |a regulácia štátna 
610 2 0 |a Európska únia 
610 2 0 |a dokumenty vládne 
610 2 0 |a legislatíva 
610 2 0 |a Slovensko 
100 1 |a Kopkáš, Peter